| 000 | 04173 a2200397 4500 | ||
|---|---|---|---|
| 008 | 090302t xxu||||| |||| 00| 0 eng d | ||
| 010 | _aB-277413-429 | ||
| 020 |
_a8190317725 _c495.00 |
||
| 035 | _aB-277413-429 | ||
| 037 | _bBetter Books/ | ||
| 082 | _a786.5519 | ||
| 100 | _aBrahaspati, S.V. | ||
| 245 |
_aHow to play Harmonium/ _cby S.V. Brahaspati |
||
| 260 |
_aPanchkula _bBetter Books _c2007 |
||
| 270 |
_a1471, Sector-15 _bKerala _cPanchkula _e134113 _l0172-2707562 |
||
| 300 |
_a209p.: _c23cm ( Hb) |
||
| 942 |
_adpl _cEN _2ddc _h786.5519 _mBRA |
||
| 999 |
_c24641 _d24641 |
||